[Event "AUS-ch"]
[Site "Cammeray"]
[Date "2018.01.09"]
[Round "8"]
[White "Willathgamuwa, Rowan"]
[Black "Willathgamuwa, Kevin"]
[Result "1-0"]
[WhiteElo "1980"]
[BlackElo "2113"]
[PlyCount "141"]
[EventDate "2018.01.02"]
[EventType "swiss"]
[EventRounds "11"]
[EventCountry "AUS"]
[SourceTitle "CBM 182 Extra"]
[Source "ChessBase"]
[SourceDate "2018.02.23"]
[SourceVersion "1"]
[SourceVersionDate "2018.02.23"]
[SourceQuality "1"]

1. Nf3 d5 2. g3 Bg4 3. Bg2 Nf6 4. c4 e6 5. 0-0 c6 6. d3 Nbd7 7. cxd5 exd5 8. h3 Bxf3 9. Bxf3 Bd6 10. Nc3 d4 11. Ne4 Nxe4 12. Bxe4 0-0 13. Rb1 a5 14. a3 a4 15. b4 axb3 16. Qxb3 Nc5 17. Qb2 Ra4 18. Bd2 Nxe4 19. dxe4 b5 20. Bb4 c5 21. Bd2 Qa8 22. Qxb5 Rxa3 23. e5 Rb8 24. exd6 Rxb5 25. Rxb5 Qd8 26. Rfb1 Ra8 27. d7 h6 28. Rb8 Rxb8 29. Rxb8 Qxb8 30. Ba5 Qb1+ 31. Kh2 Qf1 32. d8Q+ Kh7 33. Qd5 Qxf2+ 34. Qg2 Qe3 35. Qf3 Qe6 36. Qd3+ g6 37. Bd2 Qd5 38. Qf3 Qc4 39. Qe4 Qb3 40. Qf4 h5 41. h4 Qa2 42. Kg2 Qd5+ 43. Qf3 Qe6 44. e3 Qa2 45. Qf2 Qd5+ 46. Kh2 Kg8 47. exd4 cxd4 48. Bc1 d3 49. Bd2 Qc4 50. Be3 Qe6 51. Bd4 Kf8 52. Qb2 Qc4 53. Bf6 Qc2+ 54. Qxc2 dxc2 55. Bg5 f6 56. Be3 Ke7 57. Kg2 Ke6 58. Kf3 Kf5 59. Bd2 Ke5 60. Bc3+ Kf5 61. Bb2 g5 62. Bc1 Kg6 63. Ke4 f5+ 64. Kf3 f4 65. hxg5 Kxg5 66. gxf4+ Kf5 67. Kg3 Ke4 68. Kh4 Kd3 69. Kxh5 Ke2 70. f5 Kd1 71. Bg5 1-0

[Event "Wch U20 56th"]
[Site "Tarvisio"]
[Date "2017.11.22"]
[Round "9"]
[White "Pang, Tao"]
[Black "Willathgamuwa, Rowan"]
[Result "1-0"]
[WhiteElo "2192"]
[BlackElo "1907"]
[PlyCount "85"]
[EventDate "2017.11.13"]
[EventType "swiss"]
[EventRounds "11"]
[EventCountry "ITA"]
[SourceTitle "CBM 181 Extra"]
[Source "ChessBase"]
[SourceDate "2017.12.12"]
[SourceVersion "1"]
[SourceVersionDate "2017.12.12"]
[SourceQuality "1"]

1. Nf3 d5 2. d4 Nf6 3. c4 c6 4. e3 g6 5. Nc3 Bg7 6. Qb3 0-0 7. Bd2 e6 8. Bd3 b6 9. 0-0 Bb7 10. Rfe1 dxc4 11. Bxc4 c5 12. Qd1 cxd4 13. exd4 Nc6 14. Bf4 Na5 15. Bf1 Nd5 16. Be5 Nxc3 17. bxc3 Rc8 18. Bxg7 Kxg7 19. Re3 Bd5 20. Ne5 f6 21. Nf3 Nc4 22. Bxc4 Rxc4 23. Nd2 Rc6 24. Qa4 Qc7 25. Rc1 Rc8 26. Qa6 Kf7 27. h4 Bc4 28. Nxc4 Rxc4 29. Rce1 Rxc3 30. Rxe6 Rc1 31. d5 Qc3 32. Qxa7+ Rc7 33. Re7+ Rxe7 34. Qxe7+ Kg8 35. Rxc1 Qxc1+ 36. Kh2 Qf4+ 37. Kh3 Qxf2 38. Qe6+ Kg7 39. d6 g5 40. Qe7+ Kg6 41. Qe4+ Kf7 42. hxg5 fxg5 43. d7 1-0

[Event "Wch U20 56th"]
[Site "Tarvisio"]
[Date "2017.11.21"]
[Round "8"]
[White "Willathgamuwa, Rowan"]
[Black "Lumachi, Gabriele"]
[Result "1-0"]
[WhiteElo "1907"]
[BlackElo "2111"]
[PlyCount "49"]
[EventDate "2017.11.13"]
[EventType "swiss"]
[EventRounds "11"]
[EventCountry "ITA"]
[SourceTitle "CBM 181 Extra"]
[Source "ChessBase"]
[SourceDate "2017.12.12"]
[SourceVersion "1"]
[SourceVersionDate "2017.12.12"]
[SourceQuality "1"]

1. Nf3 d5 2. g3 Nc6 3. d4 Bg4 4. Bg2 Qd7 5. 0-0 0-0-0 6. c4 dxc4 7. Nbd2 Nxd4 8. Nxd4 Qxd4 9. Qa4 Bd7 10. Qc2 Be6 11. Nf3 Qb6 12. Be3 Qa6 13. b3 Nf6 14. Ne5 g6 15. bxc4 Bg7 16. Rab1 Bf5 17. Qb3 Bxb1 18. Rxb1 b6 19. Nxf7 Rhf8 20. Nxd8 Rxd8 21. c5 Nd7 22. Qe6 Kb8 23. Qc6 Kc8 24. Qa8+ Nb8 25. Bh3+ 1-0

[Event "Wch U20 56th"]
[Site "Tarvisio"]
[Date "2017.11.19"]
[Round "6"]
[White "Willathgamuwa, Rowan"]
[Black "Bezuidenhout, Roland Reinhold"]
[Result "0-1"]
[WhiteElo "1907"]
[BlackElo "2118"]
[PlyCount "76"]
[EventDate "2017.11.13"]
[EventType "swiss"]
[EventRounds "11"]
[EventCountry "ITA"]
[SourceTitle "CBM 181 Extra"]
[Source "ChessBase"]
[SourceDate "2017.12.12"]
[SourceVersion "1"]
[SourceVersionDate "2017.12.12"]
[SourceQuality "1"]

1. Nf3 d5 2. g3 g6 3. c4 dxc4 4. Qa4+ Nd7 5. Bg2 Bg7 6. 0-0 Ngf6 7. Qxc4 0-0 8. d3 c6 9. Na3 Nd5 10. e4 N7b6 11. Qb3 Nc7 12. Be3 Be6 13. Qc2 Na6 14. Qd2 Na4 15. Bh6 Bxb2 16. Bxf8 Qxf8 17. Rab1 Bxa3 18. Ng5 Bc8 19. d4 h6 20. Nf3 Nb6 21. Ne5 Bd6 22. f4 Bxe5 23. fxe5 Be6 24. d5 Rd8 25. Rfd1 cxd5 26. exd5 Bxd5 27. Bxd5 Rxd5 28. Qf4 e6 29. Rdc1 Nc5 30. Rd1 Ncd7 31. Rxd5 Nxd5 32. Qf2 b6 33. Rc1 Nxe5 34. Qe2 Qd6 35. Rc8+ Kg7 36. Qb2 Nf6 37. Rc1 Nd3 38. Rd1 Qc5+ 0-1

[Event "Oceania zt 3.6"]
[Site "Auckland"]
[Date "2017.01.15"]
[Round "2"]
[White "Willathgamuwa, Rowan"]
[Black "Dias, Douglas"]
[Result "1-0"]
[WhiteElo "1806"]
[BlackElo "1399"]
[PlyCount "143"]
[EventDate "2017.01.14"]
[EventType "swiss"]
[EventRounds "9"]
[EventCountry "NZL"]
[SourceTitle "EXT 2018"]
[Source "ChessBase"]
[SourceDate "2017.10.13"]
[SourceVersion "1"]
[SourceVersionDate "2017.10.13"]
[SourceQuality "1"]

1. Nf3 c5 2. c4 Nc6 3. g3 Nf6 4. Bg2 g6 5. Nc3 Bg7 6. d3 0-0 7. 0-0 e5 8. a3 a6 9. Rb1 d6 10. b4 Re8 11. b5 axb5 12. Rxb5 e4 13. dxe4 Nxe4 14. Nxe4 Rxe4 15. Nd2 Re7 16. e3 Ne5 17. Qb3 Rb8 18. Bb2 b6 19. Bxe5 Bxe5 20. Rb1 Ra7 21. Rxb6 Rxb6 22. Qxb6 Qxb6 23. Rxb6 Be6 24. Rb8+ Kg7 25. Ra8 Rxa8 26. Bxa8 Bc3 27. Ne4 Bb2 28. a4 Bxc4 29. Nxd6 Bd3 30. Bd5 Bc3 31. Bc4 Bc2 32. Bb5 Bb3 33. Kf1 Be5 34. Ne4 h5 35. Nxc5 Bd5 36. a5 h4 37. a6 hxg3 38. hxg3 Bb8 39. Ke2 Ba7 40. Na4 f5 41. Kd3 Bf3 42. Kc4 g5 43. Nc5 Kg6 44. Nd7 Kh5 45. Ne5 Bg2 46. Be8+ Kh6 47. Kb5 f4 48. Bc6 Bf1+ 49. Ka5 fxe3 50. fxe3 Kg7 51. e4 Bf2 52. g4 Be2 53. Bd7 Bf1 54. Nc6 Bg2 55. Bf5 Kf6 56. a7 Bxa7 57. e5+ Kf7 58. e6+ Kf6 59. Nxa7 Bd5 60. Nb5 Bxe6 61. Nd4 Bxf5 62. Nxf5 Ke5 63. Kb5 Kf4 64. Nh6 Ke5 65. Kc5 Kf6 66. Kd5 Kg7 67. Nf5+ Kf6 68. Ne3 Kg6 69. Ke5 Kh6 70. Kf5 Kg7 71. Kxg5 Kf7 72. Kf5 1-0

[Event "Oceania zt"]
[Site "Cammeray"]
[Date "2015.07.06"]
[Round "4"]
[White "Willathgamuwa, Rowan"]
[Black "Narenthran, Tharmaratnam"]
[Result "1/2-1/2"]
[WhiteElo "1798"]
[BlackElo "2002"]
[PlyCount "48"]
[EventDate "2015.07.04"]
[EventType "swiss"]
[EventRounds "9"]
[EventCountry "AUS"]
[SourceTitle "CBM 167 Extra"]
[Source "ChessBase"]
[SourceDate "2015.09.14"]
[SourceVersion "1"]
[SourceVersionDate "2015.09.14"]
[SourceQuality "1"]

1. Nf3 d5 2. g3 g6 3. Bg2 Bg7 4. 0-0 Nf6 5. c4 c6 6. d3 0-0 7. Nc3 dxc4 8. dxc4 Be6 9. Qb3 Qc8 10. Ng5 Bg4 11. h3 Bd7 12. Kh2 Na6 13. e4 Nc5 14. Qc2 e5 15. Be3 Ne6 16. Nf3 Nh5 17. Rad1 Qc7 18. Rd2 b6 19. Rfd1 Rad8 20. c5 Bc8 21. cxb6 axb6 22. Na4 Rxd2 23. Rxd2 b5 24. Nc5 Re8 1/2-1/2

[Event "Oceania zt"]
[Site "Cammeray"]
[Date "2015.07.05"]
[Round "3"]
[White "Chek, Adrian Carl"]
[Black "Willathgamuwa, Rowan"]
[Result "1/2-1/2"]
[WhiteElo "2050"]
[BlackElo "1798"]
[PlyCount "81"]
[EventDate "2015.07.04"]
[EventType "swiss"]
[EventRounds "9"]
[EventCountry "AUS"]
[SourceTitle "CBM 167 Extra"]
[Source "ChessBase"]
[SourceDate "2015.09.14"]
[SourceVersion "1"]
[SourceVersionDate "2015.09.14"]
[SourceQuality "1"]

1. c4 e5 2. g3 Nf6 3. Bg2 d5 4. cxd5 Nxd5 5. Nf3 Nc6 6. 0-0 Be6 7. d4 exd4 8. Nxd4 Nxd4 9. Qxd4 c6 10. Nc3 Qf6 11. Qxf6 Nxf6 12. Bg5 Be7 13. Rfd1 h6 14. Be3 0-0 15. h3 a6 16. Rd2 Rfd8 17. Rad1 Rxd2 18. Rxd2 Rd8 19. Rxd8+ Bxd8 20. b3 Nd5 21. Nxd5 Bxd5 22. Bxd5 cxd5 23. Bd4 f5 24. Kg2 Kf7 25. Kf3 Bf6 26. Ke3 Bg5+ 27. Kd3 g6 28. h4 Be7 29. Be3 h5 30. a4 Ke6 31. Bf4 Bc5 32. e3 Bb4 33. Kd4 Ba3 34. Kc3 Be7 35. Kd4 Ba3 36. Bb8 Bb4 37. Kd3 Be1 38. f3 Bb4 39. Kd4 Ba3 40. Bf4 Bb4 41. Bc7 1/2-1/2

[Event "Oceania zt"]
[Site "Cammeray"]
[Date "2015.07.05"]
[Round "2"]
[White "Willathgamuwa, Rowan"]
[Black "Bennett, Hilton Petrie"]
[Result "1-0"]
[WhiteElo "1798"]
[BlackElo "1956"]
[PlyCount "57"]
[EventDate "2015.07.04"]
[EventType "swiss"]
[EventRounds "9"]
[EventCountry "AUS"]
[SourceTitle "CBM 167 Extra"]
[Source "ChessBase"]
[SourceDate "2015.09.14"]
[SourceVersion "1"]
[SourceVersionDate "2015.09.14"]
[SourceQuality "1"]

1. Nf3 Nf6 2. g3 g6 3. Bg2 Bg7 4. 0-0 0-0 5. c4 d6 6. Nc3 c6 7. d4 Qa5 8. e4 Bg4 9. h3 Bxf3 10. Bxf3 e5 11. d5 cxd5 12. Nxd5 Nxd5 13. Qxd5 Qxd5 14. cxd5 Nd7 15. Be3 h5 16. Rac1 Rfc8 17. g4 h4 18. g5 Kf8 19. Bg4 Ke7 20. Bxa7 Kd8 21. Bxd7 Kxd7 22. Bb6 f6 23. gxf6 Bxf6 24. a3 Bg5 25. Be3 Bxe3 26. fxe3 Rxc1 27. Rxc1 Ra4 28. Kf2 Rxe4 29. b3 1-0

[Event "AUS-ch U16"]
[Site "Wahroonga"]
[Date "2014.01.17"]
[Round "7"]
[White "Willathgamuwa, Rowan"]
[Black "Gregoric, Peter"]
[Result "1-0"]
[WhiteElo "1760"]
[BlackElo "1529"]
[PlyCount "77"]
[EventDate "2014.01.11"]
[EventType "swiss"]
[EventRounds "9"]
[EventCountry "AUS"]
[SourceTitle "EXT 2020"]
[Source "ChessBase"]
[SourceDate "2019.10.17"]
[SourceVersion "1"]
[SourceVersionDate "2019.10.17"]
[SourceQuality "1"]

1. e4 e6 2. d4 d5 3. e5 c5 4. c3 Nc6 5. Nf3 Qb6 6. a3 c4 7. Be2 f6 8. exf6 Nxf6 9. 0-0 Bd6 10. Re1 0-0 11. Bf1 Re8 12. Nbd2 e5 13. dxe5 Nxe5 14. Nxe5 Bxe5 15. Nf3 Bg4 16. Bg5 Bxf3 17. Qxf3 Ne4 18. Bxc4 Kh8 19. Be3 Qd6 20. Rad1 Bxh2+ 21. Kh1 Re5 22. Rxd5 Rxd5 23. Bxd5 Qxd5 24. Kxh2 Re8 25. Bd4 Qd6+ 26. Kg1 Nf6 27. Rxe8+ Nxe8 28. Qf7 Nf6 29. Qxb7 h5 30. Bxf6 Qxf6 31. Qxa7 Kh7 32. Qc5 g5 33. b4 Qf4 34. b5 h4 35. Qe3 Qd6 36. Qxg5 Qd1+ 37. Kh2 Qd6+ 38. g3 Qb6 39. Qxh4+ 1-0

[Event "Wch U12"]
[Site "Al Ain"]
[Date "2013.12.28"]
[Round "11"]
[White "Meteliov, Boris"]
[Black "Willathgamuwa, Rowan"]
[Result "1/2-1/2"]
[WhiteElo "1466"]
[BlackElo "1726"]
[PlyCount "55"]
[EventDate "2013.12.18"]
[EventType "swiss"]
[EventRounds "11"]
[EventCountry "UAE"]
[SourceTitle "CBM 158 Extra"]
[Source "ChessBase"]
[SourceDate "2014.02.28"]
[SourceVersion "1"]
[SourceVersionDate "2014.02.28"]
[SourceQuality "1"]

1. e4 g6 2. d4 Bg7 3. f4 d5 4. e5 Nh6 5. Nf3 0-0 6. Be2 b6 7. 0-0 Ba6 8. b3 Bxe2 9. Qxe2 c5 10. Bb2 Nf5 11. Rd1 Qc7 12. Nc3 Rd8 13. Kh1 e6 14. Rac1 a6 15. Na4 c4 16. bxc4 dxc4 17. Qe4 Nc6 18. Rb1 b5 19. Nc5 Ncxd4 20. Nxa6 Rxa6 21. Bxd4 Rxa2 22. Rxb5 Nxd4 23. Nxd4 Qa7 24. Rbb1 Bf8 25. h3 Qc5 26. Nf3 Rxd1+ 27. Rxd1 c3 28. Qe2 1/2-1/2

[Event "Wch U12"]
[Site "Al Ain"]
[Date "2013.12.21"]
[Round "4"]
[White "Willathgamuwa, Rowan"]
[Black "Chon, Yongjoon"]
[Result "1/2-1/2"]
[WhiteElo "1726"]
[BlackElo "1396"]
[PlyCount "64"]
[EventDate "2013.12.18"]
[EventType "swiss"]
[EventRounds "11"]
[EventCountry "UAE"]
[SourceTitle "CBM 158 Extra"]
[Source "ChessBase"]
[SourceDate "2014.02.28"]
[SourceVersion "1"]
[SourceVersionDate "2014.02.28"]
[SourceQuality "1"]

1. Nf3 d5 2. g3 c6 3. Bg2 Bg4 4. 0-0 Nf6 5. c4 Nbd7 6. cxd5 cxd5 7. Nc3 e6 8. d3 Bd6 9. a3 0-0 10. b4 a5 11. b5 Rc8 12. Na4 Qe7 13. Bb2 e5 14. h3 Bh5 15. Qd2 b6 16. Rfe1 Rc7 17. Nh4 Bg6 18. Nxg6 hxg6 19. Rec1 Nc5 20. Nxc5 Rxc5 21. Rxc5 Bxc5 22. d4 exd4 23. Bxd4 Bxd4 24. Qxd4 Qxe2 25. Qxb6 Qb2 26. Rd1 Qxa3 27. Bxd5 Nxd5 28. Rxd5 Qb4 29. Rd8 Rxd8 30. Qxd8+ Kh7 31. b6 a4 32. b7 Qe1+ 1/2-1/2

[Event "World School-ch U11 9th"]
[Site "Porto Carras"]
[Date "2013.05.08"]
[Round "2"]
[White "Gadimbayli, Abdulla Azar"]
[Black "Willathgamuwa, Rowan"]
[Result "1-0"]
[WhiteElo "2001"]
[BlackElo "1683"]
[PlyCount "91"]
[EventDate "2013.05.07"]
[EventType "swiss"]
[EventRounds "9"]
[EventCountry "GRE"]
[SourceTitle "CBM 154 Extra"]
[Source "ChessBase"]
[SourceDate "2013.06.25"]
[SourceVersion "2"]
[SourceVersionDate "2013.06.25"]
[SourceQuality "1"]

1. e4 e6 2. d4 d5 3. Nd2 c5 4. exd5 exd5 5. Ngf3 Nf6 6. Bb5+ Bd7 7. Bxd7+ Nbxd7 8. 0-0 Be7 9. dxc5 Nxc5 10. Nd4 0-0 11. c3 Re8 12. N2f3 Qb6 13. Qc2 h6 14. h3 Ne6 15. Be3 Bc5 16. Rad1 Rac8 17. Nf5 Bxe3 18. Nxe3 d4 19. Nxd4 Nxd4 20. Rxd4 Qxd4 21. cxd4 Rxc2 22. Nxc2 Re2 23. Rc1 Rd2 24. Ne3 Rxd4 25. Rc8+ Kh7 26. Rc2 g6 27. Rc7 Rd7 28. Rxd7 Nxd7 29. Kf1 Kg7 30. Ke2 Kf6 31. Kd3 Ne5+ 32. Kd4 Ke6 33. b3 b6 34. f4 Nd7 35. b4 b5 36. Nd5 Kd6 37. Nc3 a6 38. Ne4+ Kc6 39. g4 f6 40. h4 g5 41. hxg5 hxg5 42. f5 Ne5 43. Nxf6 Nf3+ 44. Ke4 Ne1 45. Nh7 Nc2 46. f6 1-0

[Event "AUS-ch Reserves"]
[Site "Geelong"]
[Date "2012.01.07"]
[Round "10"]
[White "Dale, Finley"]
[Black "Willathgamuwa, Rowan"]
[Result "1-0"]
[WhiteElo "1641"]
[BlackElo "1687"]
[PlyCount "95"]
[EventDate "2011.12.27"]
[EventType "swiss"]
[EventRounds "11"]
[EventCountry "AUS"]
[SourceTitle "EXT 2023"]
[Source "ChessBase"]
[SourceDate "2022.10.05"]
[SourceVersion "1"]
[SourceVersionDate "2022.10.05"]
[SourceQuality "1"]

1. c4 e5 2. Nc3 Nf6 3. d3 Nc6 4. g3 d5 5. cxd5 Nxd5 6. Bg2 Be6 7. Nf3 Be7 8. 0-0 0-0 9. Bd2 h6 10. a3 Qd7 11. Rc1 a6 12. b4 Rad8 13. Qa4 b5 14. Qc2 Nxc3 15. Bxc3 Bd6 16. Bb2 Nd4 17. Nxd4 exd4 18. Qc6 Qxc6 19. Rxc6 Bd7 20. Rxa6 c5 21. Rxd6 Bg4 22. Rxd8 Rxd8 23. Re1 c4 24. dxc4 bxc4 25. Rd1 c3 26. Bxc3 Bxe2 27. Rxd4 Rc8 28. Bb2 g6 29. a4 Kf8 30. Rd2 Bg4 31. h3 Bf5 32. b5 Rc4 33. b6 Rxa4 34. b7 Rb4 35. Rd8+ Ke7 36. b8Q Rxb8 37. Rxb8 Kd7 38. Rb7+ Kc8 39. Rxf7 Kd8 40. g4 Be6 41. Rf6 Bc4 42. Rxg6 Ke8 43. Rxh6 Kf8 44. f4 Kg8 45. f5 Bf7 46. h4 Kf8 47. g5 Kg8 48. Rh8# 1-0

[Event "AUS-ch Reserves"]
[Site "Geelong"]
[Date "2011.12.31"]
[Round "5"]
[White "Fry, Peter"]
[Black "Willathgamuwa, Rowan"]
[Result "1-0"]
[WhiteElo "1844"]
[BlackElo "1687"]
[PlyCount "53"]
[EventDate "2011.12.27"]
[EventType "swiss"]
[EventRounds "11"]
[EventCountry "AUS"]
[SourceTitle "EXT 2023"]
[Source "ChessBase"]
[SourceDate "2022.10.05"]
[SourceVersion "1"]
[SourceVersionDate "2022.10.05"]
[SourceQuality "1"]

1. b3 d5 2. Bb2 Nc6 3. e3 Nf6 4. f4 g6 5. Nf3 h6 6. Be2 Bg7 7. 0-0 0-0 8. Kh1 Bg4 9. d3 Bxf3 10. Bxf3 e6 11. Nd2 Ne7 12. Qe1 Ne8 13. Bxg7 Nxg7 14. e4 dxe4 15. dxe4 b5 16. Rd1 Qe8 17. Qf2 Rd8 18. c4 Nc8 19. e5 Qe7 20. Ne4 b4 21. Nf6+ Kh8 22. Qh4 h5 23. g4 Ne8 24. gxh5 Nxf6 25. hxg6+ Kg7 26. exf6+ Qxf6 27. Qh7# 1-0

[Event "AUS-ch U12"]
[Site "Mooroolbark"]
[Date "2011.01.22"]
[Round "8"]
[White "Kumar, Ashwin"]
[Black "Willathgamuwa, Rowan"]
[Result "0-1"]
[WhiteElo "138"]
[BlackElo "850"]
[PlyCount "86"]
[EventDate "2011.01.19"]
[EventType "swiss"]
[EventRounds "9"]
[EventCountry "AUS"]
[SourceTitle "EXT 2013"]
[Source "ChessBase"]
[SourceDate "2012.11.22"]
[SourceVersion "1"]
[SourceVersionDate "2012.11.22"]
[SourceQuality "1"]

1. e4 e6 2. d4 d5 3. e5 c5 4. c3 Nc6 5. Be3 Qb6 6. Nf3 Qxb2 7. Nbd2 Qxc3 8. Bb5 c4 9. 0-0 Bd7 10. Bxc6 Bxc6 11. Rc1 Qa5 12. Ra1 Bb4 13. Qc1 Ne7 14. a3 Bc3 15. Ra2 Nf5 16. Rc2 Nxe3 17. fxe3 Bxd2 18. Rxd2 0-0 19. Rdf2 h6 20. Nd2 Bb5 21. Re1 Bc6 22. e4 Qb6 23. exd5 exd5 24. Nf3 Bd7 25. Rb2 Qc6 26. Ree2 b6 27. h3 Qg6 28. Re3 Qc6 29. Ra2 Bf5 30. Nh4 Be4 31. g4 f6 32. Nf5 Bxf5 33. gxf5 fxe5 34. Rxe5 Rae8 35. Rae2 Rxe5 36. Rxe5 Rxf5 37. Kh1 Rxe5 38. dxe5 d4+ 39. Kg1 c3 40. Qc2 Qc4 41. Kf2 d3 42. Qc1 Qd4+ 43. Kf3 d2 0-1